Mabí en las venas / (Registro nro. 12842)

Detalles MARC
000 -CABECERA
campo de control de longitud fija 02954nam a2200325 a 4500
001 - NÚMERO DE CONTROL
campo de control 000000596
003 - IDENTIFICADOR DEL NÚMERO DE CONTROL
campo de control DO-SdBPM
005 - FECHA Y HORA DE LA ÚLTIMA TRANSACCIÓN
campo de control 20250707122800.0
007 - CAMPO FIJO DE DESCRIPCIÓN FÍSICA--INFORMACIÓN GENERAL
campo de control de longitud fija ta
008 - DATOS DE LONGITUD FIJA--INFORMACIÓN GENERAL
campo de control de longitud fija 090331s2007 dr a 000 0 spa d
020 ## - NÚMERO INTERNACIONAL ESTÁNDAR DEL LIBRO
Número Internacional Estándar del Libro 9789945161250
020 ## - NÚMERO INTERNACIONAL ESTÁNDAR DEL LIBRO
Número Internacional Estándar del Libro 9945161253
040 ## - FUENTE DE LA CATALOGACIÓN
Centro catalogador/agencia de origen DO-SdBPM
Lengua de catalogación spa
Centro/agencia transcriptor BPMSU
Normas de descripción rda
082 #4 - NÚMERO DE LA CLASIFICACIÓN DECIMAL DEWEY
Número de clasificación 306.097293
Número de documento/Ítem P438m 2003
Número de edición 22
100 1# - ENTRADA PRINCIPAL--NOMBRE DE PERSONA
Nombre de persona Pérez, Faustino
Término indicativo de función/relación autor
245 10 - MENCIÓN DE TÍTULO
Título Mabí en las venas /
Mención de responsabilidad, etc. Faustino Pérez.
260 ## - PUBLICACIÓN, DISTRIBUCIÓN, ETC.
Nombre del editor, distribuidor, etc.
264 ## - PRODUCCIÓN, PUBLICACIÓN, DISTRIBUCIÓN, FABRICACIÓN Y COPYRIGHT
Producción, publicación, distribución, fabricación y copyright Santo Domingo :
Nombre del de productor, editor, distribuidor, fabricante Faustino Pérez,
Fecha de producción, publicación, distribución, fabricación o copyright 2007.
300 ## - DESCRIPCIÓN FÍSICA
Extensión 294 páginas :
Otras características físicas ilustración ;
Dimensiones 22 cm.
336 ## - TIPO DE CONTENIDO
Término de tipo de contenido texto
Código de tipo de contenido txt
Fuente rdacontent
337 ## - TIPO DE MEDIO
Nombre/término del tipo de medio sin mediación
Código del tipo de medio n
Fuente rdamedia
338 ## - TIPO DE SOPORTE
Nombre/término del tipo de soporte volumen
Código del tipo de soporte nc
Fuente rdacarrier
505 0# - NOTA DE CONTENIDO CON FORMATO
Título Los libros publicados --
-- Testimonio como escritor y como artista --
-- Mi libro favorito: de la mano del doctor del cigarro --
-- La fotografía como "reality constructor" --
-- La televisión nunca ha sido una caja "boba" --
-- El internet ha cambiado nuestras vidas --
-- McLuhan no viajes en esa "yola" --
-- ¿Cuál es es el "gancho" mediático de Paris Hilton? --
-- Los grandes museos de arte del mundo occidental --
-- Fulano de tal --
-- Cuando a sir Winston lo llamaron "la chuchi" --
-- Papote el de Tonguita viaja a "sancri" pasando por "kilometro" --
-- "Despreocúpate, que lo tuyo está caminando" --
-- "Quítate tú pa´ ponerme yo" --
-- El origen del dominicanismo "paquito" --
-- De donde son los "jevitos" --
-- Leyendas dominicanas: de la ciguapa al "muelú" --
-- Yo figureo, tú figureas, él figurea --
-- La cultura del "dame un chance" --
-- El origen del acrónimo "ASODOPICA" --
-- No hay jubilación para los de "ASODOPICA" --
-- Ponle un "se vende" que Crucita Yin no se ofende --
-- Graffiti nuestro de cada día --
-- Réquiem por la "chica-bíper" --
-- Los "palomos" ya no revolotean en las playas de los "sanky pankys" --
-- Los tígueres no devoran matatanes (1ra. parte) --
-- Los tígueres no devoran matatanes (2da parte) --
-- Trujillo o Rubirosa: ¿quién es el "machómetro" dominicano? --
-- La información en la cultura del "colmadón-pitekus" --
-- Las siete técnicas básicas del chisme dominicano --
-- No dejes que te den "cuerda" (1ra. parte) --
-- No dejes que te den "cuerda" (2da. parte) --
-- No dejes que te den "cuerda" (3ra. parte) --
-- No dejes que te den "cuerda" (4ta. parte) --
-- Apuntes sobre la gestualidad dominicana --
-- Lo que comunica una cara, o el lenguaje de las arrugas.
505 0# - NOTA DE CONTENIDO CON FORMATO
Título El lenguaje de las manos y el lenguaje de los anillos de Faustino Pérez --
-- El erotismo gestual en las dominicanas (1ra. parte) --
-- El erotismo gestual en las dominicanas (2da. parte --
-- El erotismo gestual en las dominicanas (3ra. parte) --
-- El erotismo gestual en las dominicanas (4ta. parte) --
-- Curriculum de Faustino Pérez.
590 ## - NOTA LOCAL (RLIN)
Nota local Inventariado, 2025/VM
650 #7 - PUNTO DE ACCESO ADICIONAL DE MATERIA--TÉRMINO DE MATERIA
Término de materia o nombre geográfico como elemento de entrada Identidad cultural
Subdivisión geográfica República Dominicana
651 #7 - PUNTO DE ACCESO ADICIONAL DE MATERIA--NOMBRE GEOGRÁFICO
Nombre geográfico República Dominicana
Subdivisión general Cultura popular
910 ## - DATOS DE OPCIÓN DEL USUARIO (OCLC)
Datos de opción del usuario VMateo V. Control de calidad BPMSU
942 ## - ELEMENTOS DE PUNTO DE ACCESO ADICIONAL (KOHA)
Fuente del sistema de clasificación o colocación Dewey Decimal Classification
Tipo de ítem Koha Libros
Existencias
Estado de retiro Estado de pérdida Fuente del sistema de clasificación o colocación No para préstamo Código de colección Localización permanente Ubicación/localización actual Fecha de adquisición Fuente de adquisición Total de préstamos Signatura topográfica completa Código de barras Fecha visto por última vez Precio válido a partir de Tipo de ítem Koha
    Dewey Decimal Classification   Colección Dominicana Biblioteca Pública Metropolitana Salomé Ureña Biblioteca Pública Metropolitana Salomé Ureña 11/10/2017 BNPHU   BPMSU CD 306.097293 P438m 2007 BPMSU17110146 11/10/2017 11/10/2017 Libros